| 000 | 00513nam a22001337a 4500 | ||
|---|---|---|---|
| 003 | SGT | ||
| 082 |
_a617.645 _bC25M |
||
| 100 | _aMehlawat, Rachita | ||
| 245 | _aChange in knowledgent, attitude and practice of pediatricians about infant oral health and early childhood caries in children including with special healthcare needs after dental health education program in South-West Delhi | ||
| 260 |
_aGurugram, Haryana _bSGT University _c2024 |
||
| 300 | _a79 | ||
| 650 | _aPediatric Dentistry | ||
| 942 |
_2ddc _cTH |
||
| 999 |
_c30406 _d30406 |
||